zpět

Detail výsledku týmu

Harry, Brno

Datum a čas kvízu

31 Celkem bodů Celkový počet nahraných bodů na tomto kvízu bez doplňovacích otázek.
9. Pořadí na kvízu Konečné umístění týmu na tomto kvízu.

Zaznamenané odpovědi

# Otázka Odpověď Body Výsledky
1. Jindřich Vobořil ve čtvrtek u... Národní protidrogový koordinátor 0
2. Jistá země od noci na pátek na... Kazachstán 0
3. Česká národní banka vydala stř... Bedřich Smetana 1
4. Úřad pro ochranu hospodářské s... Pernod Ricard 0
5. Jak se jmenuje dosavadní šéf Č... Ivo Kaderka 0
6. Napište, kterým slovem se ozna... okostice (periost) 1
7. Ve kterém kraji České republik... v Královéhradeckém 0
8. Hlavní postava seriálu Sběrate... Booth 1
9. Kterému zvířeti patří tato kos... hrochovi 1
10. V září roku 2012 byla pod park... Richard III. 0